000 01568nam a22003977a 4500
003 OSt
005 20230531150957.0
008 221006b |||||||| |||| 00| 0 eng d
020 _a978-2- 940524-83-9
040 _cBiblioteca Lado V
082 _a709.05
_bV152t
100 _9840
_aValencia, Natalia
_eeditora
245 _aTerremoto/
_bLa pared dividida/
260 _aMexico
_bMuseo Jumex
_c2018
300 _c22x34cm
_a99p.
366 _eeng
490 _a13
_v2018
505 _aLa arquitectura no hará ningún cambio social por si misma
505 _aModernidad, desarrollo, interculturalidad
505 _aHacia una arquitectura medioambiental
505 _aPuerta de Tierra, Paraíso tropical
505 _aHelados revolucionarios
505 _aCreación de archivos alternativos y provisionales para el diseño y la arquitectura en Chile
505 _aArriba los de abajo
505 _aGentrificacion en el sur
505 _aHacia el espacio expositivo naranja
505 _aLas Cassandras urbanas de nuestros tiempos
505 _aHacia otra pedagogía radical de la proxemica y de lo habitable
505 _aEl resultado imprevisible de la exposición mutua
650 _2Tesauro de Arte & Arquitectura
_aARTE
_9703
650 _2Tesauro de Arte & Arquitectura
_aEXPOSICIONES
_9702
650 _2Tesauro de Arte & Arquitectura
_aARTE CONTEMPORANEO
_9702
650 _2Tesauro de Arte & Arquitectura
_aARTE AMERICANO
650 _2Tesauro de Arte & Arquitectura
_aINGLES
942 _2ddc
_c1
_h709.05
_iV152t
_n0
999 _c3782
_d3782